Программа учебной дисциплины "Физическая и экономическая география Турции" (Запись № 3637829)

Подробности
000 -МАРКЕР
контрольное поле 02398nam0a2200421 4500
001 - ИДЕНТИФИКАТОР ЗАПИСИ
контрольное поле RU\NLR\bibl\1957516
005 - ИДЕНТИФИКАТОР ВЕРСИИ
контрольное поле 20260407134733.0
021 ## - НОМЕР ГОСУДАРСТВЕННОЙ РЕГИСТРАЦИИ
Код страны Российская Федерация
Номер 0321201800
035 ## - ДРУГИЕ СИСТЕМНЫЕ НОМЕРА
Идентификатор записи (NLR Aleph) 001946586
100 ## - ДАННЫЕ ОБЩЕЙ ОБРАБОТКИ
Данные общей обработки 20120522d2011 |||y0rusy50 ca
101 0# - ЯЗЫК РЕСУРСА
Язык текста, звукозаписи и т.д. русский
102 ## - СТРАНА ПУБЛИКАЦИИ ИЛИ ПРОИЗВОДСТВА
Страна публикации Российская Федерация
106 ## - ПОЛЕ КОДИРОВАННЫХ ДАННЫХ: ТЕКСТОВЫЕ РЕСУРСЫ – ФОРМА
Форма ресурса: кодированные данные: обозначение носителя s
135 ## - ПОЛЕ КОДИРОВАННЫХ ДАННЫХ: ЭЛЕКТРОННЫЕ РЕСУРСЫ
Кодированные данные для электронного ресурса bczeu|||uuuuu
200 1# - ЗАГЛАВИЕ И СВЕДЕНИЯ ОБ ОТВЕТСТВЕННОСТИ
Основное заглавие Программа учебной дисциплины "Физическая и экономическая география Турции"
Общее обозначение материала Электронный ресурс
Сведения, относящиеся к заглавию направление подготовки 03210 - Востоковедение и африканистика
-- профиль подготовки Экономика и международные экономические отношения стран Азии и Африки
-- квалификация (стерень) выпусника - бакалавр
-- форма обучения очная
Первые сведения об ответственности МГУ им. М.В. Ломоносова, Ин-т стран Азии и Африки
210 ## - ПУБЛИКАЦИЯ, РАСПРОСТРАНЕНИЕ И ДР.
Место издания, распространения и т.д. Москва
Имя издателя, распространителя и т. д. [б. и.]
Дата издания, распространения и т.д. 2011
215 ## - ФИЗИЧЕСКАЯ ХАРАКТЕРИСТИКА
Специфическое обозначение материала и объем 1 электрон. опт. диск (CD-ROM)
Размеры 12
230 ## - ОБЛАСТЬ СПЕЦИФИЧЕСКИХ СВЕДЕНИЙ: ЭЛЕКТРОННЫЕ РЕСУРСЫ
Обозначение и объем ресурса Текст. (символ.) электрон. изд. (282 Кб)
300 ## - ОБЩИЕ ПРИМЕЧАНИЯ
Текст примечания Загл. с вкладыша
337 ## - ПРИМЕЧАНИЕ О СИСТЕМНЫХ ТРЕБОВАНИЯХ (ЭЛЕКТРОННЫЕ РЕСУРСЫ)
Текст примечания Систем. требования: PC, Intel Pentium IV 2,0 ГГц; 1 Гб; 282 Кб; Windows XP/Vista/7
607 ## - ГЕОГРАФИЧЕСКОЕ НАИМЕНОВАНИЕ КАК ПРЕДМЕТ
Географическое наименование Турция
Формальный подзаголовок Учебные издания для высших учебных заведений
Тематический подзаголовок Экономическая география
Системный номер авторитетной/нормативной записи 1150885
Идентификатор авторитетной/нормативной записи RU\NLR\auth\66459298
607 ## - ГЕОГРАФИЧЕСКОЕ НАИМЕНОВАНИЕ КАК ПРЕДМЕТ
Географическое наименование Турция
Формальный подзаголовок Учебные издания для высших учебных заведений
Тематический подзаголовок Физическая география
Системный номер авторитетной/нормативной записи 1819685
Идентификатор авторитетной/нормативной записи RU\NLR\auth\661114318
610 0# - НЕКОНТРОЛИРУЕМЫЕ ПРЕДМЕТНЫЕ ТЕРМИНЫ
Предметный термин физическая
610 0# - НЕКОНТРОЛИРУЕМЫЕ ПРЕДМЕТНЫЕ ТЕРМИНЫ
Предметный термин экономическая география
610 0# - НЕКОНТРОЛИРУЕМЫЕ ПРЕДМЕТНЫЕ ТЕРМИНЫ
Предметный термин турция
675 ## - УНИВЕРСАЛЬНАЯ ДЕСЯТИЧНАЯ КЛАССИФИКАЦИЯ (UDC/УДК)
Индекс 911.2(560)
Издание 3
686 ## - ИНДЕКСЫ ДРУГИХ КЛАССИФИКАЦИЙ
Индекс 39.01.33
Код системы
686 ## - ИНДЕКСЫ ДРУГИХ КЛАССИФИКАЦИЙ
Индекс У04(5Ту)я73
686 ## - ИНДЕКСЫ ДРУГИХ КЛАССИФИКАЦИЙ
Индекс Д829(5Ту)я73
712 02 - НАИМЕНОВАНИЕ ОРГАНИЗАЦИИ - ВТОРИЧНАЯ ОТВЕТСТВЕННОСТЬ
Код отношения Прочие
Начальный элемент ввода Институт стран Азии и Африки
Идентифицирующий признак Москва
Системный номер авторитетной/нормативной записи 502441
Идентификатор авторитетной/нормативной записи RU\NLR\AUTH\8810002609
801 #0 - ИСТОЧНИК ЗАПИСИ
Страна Российская Федерация
Организация НТЦ Информрегистр
Дата составления 20120522
Правила каталогизации rcr
801 #1 - ИСТОЧНИК ЗАПИСИ
Страна Российская Федерация
Организация НТЦ Информрегистр
Дата составления 20120522
801 #2 - ИСТОЧНИК ЗАПИСИ
Страна Российская Федерация
Организация NLR
Дата составления 20121018
Правила каталогизации rcr
942 ## - ДОПОЛНИТЕЛЬНЫЕ ЭЛЕМЕНТЫ ЗАПИСИ (АБИС)
Тип экземпляра АБИС Книга
980 ## - КОЛЛЕКЦИЯ
Название коллекции Национальная библиография
Экземпляры
Тип экземпляра Дата поступления Источник поступления Библиотека постоянного хранения Библиотека текущего хранения Место хранения Шифр хранения Штрих-код Статус экземпляра
CD-ROM 18.10.2012 Обязательный экземпляр РНБ (Московский) РНБ (Московский) Фонд электронных документов на локальных носителях информации (Фонд электронных ресурсов) CD 2012-2/2250 1-361486